Statistics for Governorates of Iraq - Map Quiz

Click here to take the quiz!

General Stats

  • This quiz has been taken 130 times
  • The average score is 8 of 18

Answers on the Map

Answers color-coded by a green-red scale on the quiz's map according to % correct below.
 

Answer Stats

Answer% Correct
Baghdad
83%
Basra
71%
Erbil
66%
Al Anbar
54%
Sulaymaniyah
54%
Kirkuk
51%
Duhok
49%
Najaf
49%
Nineveh
46%
Karbala
43%
Saladin
40%
Babil
37%
Wasit
37%
Muthanna
34%
Al-Qadisiyah
31%
Diyala
31%
Maysan
31%
Dhi Qar
26%

Score Distribution

Percentile by Number Answered

Percent of People with Each Score

Your Score History

You have not taken this quiz